Statistics for The Lion King Trivia

Click here to take the quiz!

General Stats

  • This quiz has been taken 2,819 times
    (2,817 since last reset)
  • The average score is 14 of 18

Answer Stats

Hint Answer % Correct
How are Scar and Mufasa related?Brothers
96%
Who is Simba's best friend who later becomes his queen?Nala
93%
What kills Mufasa?Wildebeast stampede
91%
True or False: The Lion King is the first orignal animated Disney movie. (Disregarding the fact that it was loosely based off of Hamlet.)True
90%
What is Timon and Pumbaa's motto?Hakuna Matata
89%
Where does the movie take placePride Rock
88%
Who is Sarabi?Simba's mom
84%
Who said, "Being brave doesn't mean you go looking for trouble."Mufasa
83%
What is type of animal is Timon?Meerkat
81%
What song plays when Simba and Nala make up for lost time?Can You Feel the Love Tonight
77%
Who composed the soundtrack?Elton John and Tim Rice
77%
Who said, "You are a baboon and I am not."Rafiki
75%
What is the name of Mufasa's annoying and unintelligent assistant?Zazu
75%
Where does Scar trick Simba and Nala into visiting?Elephant graveyard
71%
What is the title of the only song Scar sings?Be Prepared
59%
Who voiced the only female hyena?Whoopi Goldberg
52%
What does the word "Simba" mean in Swahili?Lion
41%
What are the names of the hyenas?Shenzi, Banzai, and Ed
30%

Score Distribution

Percentile by Number Answered

Percent of People with Each Score

Your Score History

You have not taken this quiz since the last reset